000 01211nam a2200229Ia 4500
001 L239-11127
003 IT-CnALBA
008 170116s9999||||xx |||||||||||||| ||und||
040 _aIT-CnALBA
_cIT-CnALBA
041 _aITALIANO
100 _aCANET, ABATE
245 0 _aLA LIBERTÀ DI PENSARE E IL LIBERO PENSIERO.
250 _a1a ed.
260 _a ROMA PARIS TOURNAI
_bDESCLEE & C. EDIT.
_c1908 [1° Ed.:1908]
300 _a63 p. (prefazione: 5)
500 _aSCIENZA E RELIGIONE. LIBERO PENSIERO. ESPERIENZA. OSSERVAZIONE. AFFERMAZIONE DELLA LIBERTÀ. ATTO LIBERO. NEGAZIONE DEI DOGMI CRISTIANI. NAGAZIONE DELLA RAZIONALITÀ. LIBERO PENSIERO. DIRITTO DEL NON PENSIERO. VALORIZZAZIONE DELLA LIBERTÀ DI PENSIERO NELLA
501 _aSocietà San Paolo EM - Piazza San Paolo, 14 - 12051 ALBA (CN) (non commercial uses only) ® Copyright 2017
520 _aSCIENZA E RELIGIONE. LIBERO PENSIERO. ESPERIENZA. OSSERVAZIONE. AFFERMAZIONE DELLA LIBERTÀ. ATTO LIBERO. NEGAZIONE DEI DOGMI CRISTIANI. NAGAZIONE DELLA RAZIONALITÀ. LIBERO PENSIERO. DIRITTO DEL NON PENSIERO. VALORIZZAZIONE DELLA LIBERTÀ DI PENSIERO NELLA
650 _aAPOLOGETICA E CONTROVERSIE
942 _cBK
957 _71
999 _a15880
_bSI
_g Copie: 1
_c270304
_d270304